000
00311nam a22001337a 4500
008
171123b xxu||||| |||| 00| 0 eng d
020
_a
9780133750805
041
_a
eng
080
_2
2ND
_a
62
100
_a
27
101
_a
MEK
245
_a
FOUNDATIONS OF ELETRICAL ENGINEERING
_c
COGDELL,J,R
942
_2
udc
_c
BK
999
_c
38355
_d
38355